000 00597nam a2200229Ia 4500
003 OSt
005 20220928101824.0
006 a|||||r|||| 00| 0
007 ta
008 220927b |||||||| |||| 00| 0 eng d
024 _a40059
037 _cTextual
040 _aSDCL
_cSDCL
_beng
041 _2eng
_aeng
082 _aV2,1'A, M0
100 _aTripathi ShriKrishsanmani
_9395324
245 0 _aPauranik
260 _aVaranasi
_bAasutosh Prakashan
_c1980
300 _a128p
_ccm.
942 _hV2,1'A, M0
_cTEXL
_2CC
999 _c710981
_d710981